<?xml version="1.0" encoding="UTF-8"?>
<marc:record xmlns:marc="http://www.loc.gov/MARC21/slim">
   <marc:leader>00000nam a2200000 a 4500</marc:leader>
   <marc:datafield ind1="1" ind2=" " tag="100">
      <marc:subfield code="a">Preston, Douglas</marc:subfield>
      <marc:subfield code="4">aut</marc:subfield>
      <marc:subfield code="e">Verfasser/-in</marc:subfield>
   </marc:datafield>
   <marc:datafield ind1="1" ind2=" " tag="100">
      <marc:subfield code="a">Child, Lincoln</marc:subfield>
      <marc:subfield code="4">aut</marc:subfield>
      <marc:subfield code="e">Verfasser/-in</marc:subfield>
   </marc:datafield>
   <marc:datafield ind1=" " ind2=" " tag="653">
      <marc:subfield code="a">Agent Aloysius Pendergast</marc:subfield>
   </marc:datafield>
   <marc:datafield ind1=" " ind2=" " tag="653">
      <marc:subfield code="a">Lieutenant D'Agosta</marc:subfield>
   </marc:datafield>
   <marc:datafield ind1=" " ind2=" " tag="653">
      <marc:subfield code="a">Pendergast</marc:subfield>
   </marc:datafield>
   <marc:datafield ind1="0" ind2="0" tag="245">
      <marc:subfield code="a">Burn Case. Geruch des Teufels</marc:subfield>
   </marc:datafield>
   <marc:datafield ind1="0" ind2="0" tag="245">
      <marc:subfield code="c">Preston, Douglas</marc:subfield>
   </marc:datafield>
   <marc:datafield ind1=" " ind2="1" tag="264">
      <marc:subfield code="a">München</marc:subfield>
      <marc:subfield code="b">Knaur</marc:subfield>
      <marc:subfield code="c">2007</marc:subfield>
   </marc:datafield>
   <marc:datafield ind1="1" ind2=" " tag="490">
      <marc:subfield code="a">Pendergast</marc:subfield>
      <marc:subfield code="v">5</marc:subfield>
   </marc:datafield>
   <marc:datafield ind1="1" ind2=" " tag="520">
      <marc:subfield code="a">Ein Kunstkritiker wird tot aufgefunden. Er ist verbrannt worden – und in der Luft hängt der Geruch von Schwefel. Ist dies nur ein besonders brutaler Burn Case, oder hat eine höhere Macht zugeschlagen, wie ein Hufabdruck neben der verkohlten Leiche vermuten lässt?&#xD;
&#xD;
Ist der Leibhaftige in die Welt zurückgekehrt, um Sünder zu richten? Eine Sekte schürt die Panik der Menschen, als kurz hintereinander zwei verbrannte Leichen gefunden werden – und prophezeit, dass als Nächstes das moderne Sodom in Flammen aufgehen wird: New York City!&#xD;
Nur Special Agent Pendergast glaubt nicht, dass das jüngste Gericht kurz bevorsteht. Er folgt ganz irdischen Spuren. Sie führen ihn in die Vergangenheit der Toten – und nach Italien, wo sie vor Jahren ein dunkles Ritual zelebrierten. Sollten sie dabei doch ein mythisches Portal geöffnet haben? Oder sind die rituellen Morde nur Ablenkungsmanöver? Tatsächlich findet Pendergast immer mehr Hinweise auf eine groß angelegte Verschwörung, in der ein altes Instrument und modernste Waffentechnik die entscheidende Rolle spielen ...</marc:subfield>
   </marc:datafield>
   <marc:datafield ind1=" " ind2=" " tag="020">
      <marc:subfield code="a">9783426631713</marc:subfield>
      <marc:subfield code="9">9783426631713</marc:subfield>
   </marc:datafield>
   <marc:datafield ind1=" " ind2=" " tag="020">
      <marc:subfield code="a">3426631717</marc:subfield>
      <marc:subfield code="9">3426631717</marc:subfield>
   </marc:datafield>
   <marc:datafield ind1=" " ind2=" " tag="041">
      <marc:subfield code="a">ger</marc:subfield>
   </marc:datafield>
   <marc:datafield ind1=" " ind2=" " tag="300">
      <marc:subfield code="b">keine</marc:subfield>
   </marc:datafield>
   <marc:datafield ind1="0" ind2=" " tag="490">
      <marc:subfield code="v">5</marc:subfield>
   </marc:datafield>
   <marc:datafield ind1=" " ind2=" " tag="338">
      <marc:subfield code="a">Band</marc:subfield>
   </marc:datafield>
   <marc:datafield ind1=" " ind2=" " tag="300">
      <marc:subfield code="a">619</marc:subfield>
   </marc:datafield>
</marc:record>
